000 00323pab a2200145 454500
008 180718b1986 xxu||||| |||| 00| 0 eng d
100 _aRayudu, C.S.
245 _aLand and water use management
260 _c1986
300 _a12-14
362 _a20 Apr.
650 _aWater Supply
773 _aJanata
909 _a20610
999 _c20610
_d20610